Presidents de la Generalitat de Catalunya (1931-2021) - Statistics

General Stats
  • This quiz has been taken 7 times
  • The average score is 10 of 11
Answer Stats
Picture Answer % Correct
Artur Mas i Gavarró
100%
Carles Puigdemont i Casamajó
100%
Joaquim Torra i Pla
100%
Jordi Pujol i Soley
100%
José Montilla i Aguilera
100%
Pere Aragonès i Garcia
100%
Francesc Macià i Llussà
86%
Josep Tarradellas i Joan
86%
Lluís Companys i Jover
86%
Pasqual Maragall i Mira
86%
Josep Irla i Bosch
57%
No matching quizzes found
Score Distribution
Percent of People with Each Score
Percentile by Number Answered
Your Score History
You have not taken this quiz